Open Data Biblioteca Nacional de Portugal


República Portuguesa: Ministério da Cultura
Biblioteca Nacional de Portugal

Catálogo da BNP: acesso por Identificadores Unívocos
Registos Bibliográficos associados ao registo de autoridade

Etiqueta de registo: 00000nam 2200025 450
001 2283114
003 http://id.bnportugal.gov.pt/bib/catbnp/2283114
010 ## $a978-84-129948-4-1
021 ## $aES$bH-359-2025
100 ## $a20260327d2025 m y0pory01030103ba
101 1# $aspa$cpor
102 ## $aES
106 ## $ar
200 1# $aCiudad gris$fSara F. Costa$gtrad. Natalia Veiga
210 #9 $a[S.l.]$cGarvm,$d2025
215 ## $a133, [1] p.$d21cm
225 2# $aNarrativas selinunte$v1
700 #1 $aCosta,$bSara F.,$f1987-$31650057
702 #1 $aVeiga,$bNatalia$4730$32000580
801 #0 $aPT$bBN$gRPC
966 ## $lBN$mFGMON$pDGLAB$x3
971 ## $cisantos$d20260615
972 ## $e0$z0$d20260617$vlrevez

OpendataBNP@bnportugal.pt | Mais informação sobre acesso aos dados BNP